000 00469nam a2200181Ia 4500
001 355
005 20260306140511.0
008 260306t1982||||xx |||||||||||||| ||spa||
041 _aESP
082 _a101
_bU61
100 _aUniversidad de Sevilla
_eAUT
245 0 _aEstudios bibliográficos de historia de la filosofía y de la ciencia natural
260 _c1982
300 _a202 páginas :
_c21 cm.
650 _aGEN
654 _aCHU
942 _cLIB
_dJUS
_fJUS
_2ddc
_n
999 _c355
_d355